| 000 | 01282nam a2200253Ia 4500 | ||
|---|---|---|---|
| 999 |
_c50964 _d50964 |
||
| 001 | 17921 | ||
| 003 | GE_BSU | ||
| 005 | 20200228160317.0 | ||
| 008 | 181216s2015ge xx |||||||||||||| ||geo|| | ||
| 020 | _a9789941466199 | ||
| 040 | _cGE_BSU | ||
| 041 | _ageo | ||
| 080 | _a811.353.1-1 ჩ-61 | ||
| 100 |
_aჩიმქე, ჰარუნ. _95689 |
||
| 245 |
_aზმნისწინა სემანტიკური ნიუანსები ახალ სალიტერატურო ქართულში / _cჰარუნ ჩიმქე ; რედ. რ. საღინაძე ; გარეკანის დიზაინი ი. ხელაიასი. |
||
| 264 |
_aთბილისი : _bინტელექტი, _c2015. |
||
| 300 |
_a230 გვ.: _c 23 სმ. |
||
| 653 | _aგრამატიკა ქართული | ||
| 653 | _aზმნისწინა სემანტიკური ნიუანსები ახალ სალიტერატურო ქართულში | ||
| 653 | _aქართული ენა | ||
| 700 |
_a საღინაძე, რ. _eრედაქტორი _97634 |
||
| 700 |
_aხელაია, ი _eდიზაინერი _97635 |
||
| 942 |
_cBK _2udc |
||